| 000 | 00453nam a22001457a 4500 | ||
|---|---|---|---|
| 005 | 20250721133429.0 | ||
| 008 | 250721b |||||||| |||| 00| 0 eng d | ||
| 020 | _a9780801020926 | ||
| 050 |
_aBS 2715 _b.2 ARN |
||
| 100 | _aARNOLD, CLINTON E | ||
| 245 |
_aTHE COLOSSIAN SYNCRETISM _bThe Interface between Christianity and Folk Belief at Colossae _cCLINTON E. ARNOLD |
||
| 260 |
_aMICHIGAN _bBAKER BOOKS _cc1996 |
||
| 300 | _ax, 378p.; | ||
| 942 |
_2lcc _cBK _n0 |
||
| 999 |
_c7063 _d7063 |
||